La chica de la capa roja : (Registro nro. 11167)

Detalles MARC
000 -LIDER
fixed length control field 01015nam a22003017a 4500
001 - NÚMERO DE CONTROL
Identificador de número de control 001150
003 - IDENTIFICACDOR DE NÚMERO DE CONTROL
control field DO-SdBNP
005 - DATE AND TIME OF LATEST TRANSACTION
control field 20171120090408.0
007 - CAMPOS FIJOS DE DESCRIPCIÓN FÍSICA
fixed length control field 001150
008 - ELEMENTOS DE LONGITUD FIJA
fixed length control field 160817b 2011 mx||||| |||| 00| 0 spa d
020 ## - ISBN
International Standard Book Number 9786071109750
040 ## - FUENTE DE CATALOGACIÓN
Agencia que crea de manera original el registro BPMSU
Idioma de catalogación spa
Agencia que realiza la transcripción BPMSU
082 #4 - NÚMERO DE CLASIFICACIÓN DECIMAL DE DEWEY
Classification number 813.6
Item number B587c
100 ## - ASIENTO PRINCIPAL -- NOMBRE PERSONAL
Nombre personal Blakley-Cartwright, Sarah
240 1# - TITULO UNIFORME
Título uniforme Red riding hood
Idioma de una obra español
245 13 - MENCIÓN DE TITULO
Título La chica de la capa roja :
Subtítulo ¿quién tiene miedo ? /
Mención de responsabilidad Sarah Blakley-Cartwright, David Leslie Johnson ; introducción Catherine Hardwiche; traducción Julio Hermoso Oliveras
260 ## - PUBLICACIÓN, DISTRIBUCIÓN, ETC. (PIE DE IMPRENTA)
Lugar de publicación, distribución, etc México :
Nombre del editor, distribuidor, etc. Alfaguara,
Fecha de publicación, distribución, etc 2011.
300 ## - DESCRIPCIÓN FÍSICA
Extensión 341 p. :
Dimensiones 22 cm.
Otros detalles físicos il.
534 ## - NOTA SOBRE LA VERSIÓN ORIGINAL
Asiento principal del original Título original en inglés: Red riding hood
650 #4 - ENCABEZAMIENTO DE MATERIA--TEMÁTICO
Término temático o nombre geográfico como elemento de entrada NOVELA ESTADOUNIDENSE
650 #4 - ENCABEZAMIENTO DE MATERIA--TEMÁTICO
Término temático o nombre geográfico como elemento de entrada LITERATURA ESTADOUNIDENSE
700 1# - ASIENTO SECUNDARIO -- NOMBRE PERSONAL
Nombre personal Johnson, David Leslie
700 1# - ASIENTO SECUNDARIO -- NOMBRE PERSONAL
Nombre personal Hardwiche, Catherine
700 1# - ASIENTO SECUNDARIO -- NOMBRE PERSONAL
Nombre personal Hermoso Oliveras, Julio,
Mención de responsabilidad tr.
942 ## - ADDED ENTRY ELEMENTS (KOHA)
Source of classification or shelving scheme Dewey Decimal Classification
Koha item type Libros
945 ## - INFORMACIÓN DE PROCESAMIENTO LOCAL
Información de procesamiento local Inventariado, 2017/MFF
956 ## - LOCAL ELECTRONIC LOCATION AND ACCESS (OCLC)
Nombre de host BTAVÁREZ
Número de acceso 10
Información de compresión 20161708
Trayectoria 001150
Existencias
Withdrawn status Lost status Source of classification or shelving scheme Damaged status Not for loan Collection code Home library Current library Date acquired Source of acquisition Total Checkouts Full call number Barcode Date last seen Price effective from Koha item type Copy number
    Dewey Decimal Classification     Colección General Biblioteca Pública Metropolitana Salomé Ureña Biblioteca Pública Metropolitana Salomé Ureña 08/17/2016 Santillana Ediciones Generales,   813.6 B587c BPMSU16080197 08/17/2016 08/17/2016 Libros  
    Dewey Decimal Classification     Colección General Biblioteca Pública Metropolitana Salomé Ureña Biblioteca Pública Metropolitana Salomé Ureña 08/17/2016 Santillana Ediciones Generales,   813.6 B587c BPMSU16080198 08/17/2016 08/17/2016 Libros e. 2